Mezinárodní vědecká konference : 12.-15.9.1995 : sekce: Aplikovaná fyzika : sborník referátů

Korporativní autor: Vysoká škola báňská - Technická univerzita Ostrava
Jazyk: Slovenština
Čeština
Angličtina
Vydáno: Ostrava : VŠB-Technická univerzita, 1995
Témata:
Fyzický popis: 342 s. : il. ; 29 cm
Language note: Část. anglický a slovenský text
Knihy
Uloženo v:
LEADER 01168nam a2200289 a 4500
001 000103383
003 CZ BrMZK
005 20080623101700.0
007 ta
008 960815s1995 xr f cze d
040 |a BOA001  |b cze 
041 1 |a cze  |a slo  |a eng 
080 |a 53(063)  |2 MRF 
245 0 0 |a Mezinárodní vědecká konference :  |b 12.-15.9.1995 : sekce: Aplikovaná fyzika : sborník referátů 
246 1 4 |a Mezinárodní vědecká konference pořádaná k 50. výročí přemístění VŠB-TU do Ostravy 
260 |a Ostrava :  |b VŠB-Technická univerzita,  |c 1995 
300 |a 342 s. :  |b il. ;  |c 29 cm 
504 |a Obsahuje bibliografii 
546 |a Část. anglický a slovenský text 
653 0 |a aplikovaná fyzika 
710 2 |a Vysoká škola báňská - Technická univerzita Ostrava  |7 kn20010709483 
910 |a BOA001  |b 4-1026.378  |b TK-A-0262.428 
920 |a 000261365 
964 |a Fyzika aplikovaná  |x sborníky 
990 |a BK 
996 7 |b 2610043995  |c 4-1026.378  |l MZK  |r Sklad / do 1 hodiny  |n 2  |p p.v.  |w 000103383  |u 000010  |a 1  |e BOA001  |j MZK50  |s A 
996 7 |b 2620009258  |c TK-A-0262.428  |l MZK  |r Sklad / do 24 hodin  |n 0  |p dar  |w 000103383  |u 000020  |a 1  |e BOA001  |j MZK50  |s A